Crucero CIMAR 14 fiordos: informes preliminares. 27 de octubre al 26 de noviembre de 2008
Saved in:
| Institution som forfatter: | |
|---|---|
| Format: | Bog |
| Sprog: | spansk |
| Udgivet: |
Valparaíso
Comité Oceanográfico Nacional
2009
|
| Fag: | |
| Tags: |
Tilføj Tag
Ingen Tags, Vær først til at tagge denne postø!
|
MARC
| LEADER | 00000cam a2200000 a 4500 | ||
|---|---|---|---|
| 001 | UCC1311 | ||
| 003 | CL-VaPUC | ||
| 005 | 20230629101346.0 | ||
| 008 | 171020e20090000cl |||||||||||||||||spa|d | ||
| 999 | |c 369861 |d 369859 | ||
| 040 | |c Pontificia Universidad Católica de Valparaíso | ||
| 082 | 0 | 4 | |a 551.46 CON 2009 |
| 110 | 2 | |a Comité Oceanográfico Nacional |e author |9 595385 | |
| 245 | 1 | 0 | |a Crucero CIMAR 14 fiordos: informes preliminares. 27 de octubre al 26 de noviembre de 2008 |
| 260 | |a Valparaíso |b Comité Oceanográfico Nacional |c 2009 | ||
| 300 | |a 223 p | ||
| 583 | |a last modification |c 20171020 15:16:00 |k Rodrigo Vera | ||
| 650 | 0 | |a Oceanografía |9 260014 | |
| 650 | 0 | |a Algas (algae) |9 261246 | |
| 650 | 0 | |a Fitoplancton |9 261810 | |
| 942 | |c BK |2 ddc | ||
| 945 | |d 20171020 15:16:00 |a dcastane | ||
| 952 | |0 0 |1 0 |2 ddc |3 erb |4 0 |6 551_460000000000000_CON_2009 |7 0 |8 A |9 486006 |a BIBCUR |b BIBCUR |i 5431174 |o 551.46 CON 2009 |p 5431174 |r 2025-04-22 |t 1 |w 2019-11-24 |y BK |z Catalogado en:20171020 |k CIM | ||
| 952 | |0 0 |1 0 |2 ddc |4 0 |6 551_460000000000000_CON_2009 |7 0 |8 A |9 551433 |a BIBCUR |b BIBCUR |d 2020-01-28 |i 5608937 |o 551.46 CON 2009 |p 5608937 |r 2025-04-22 |t 2 |w 2020-01-28 |y BK |k CIM | ||